| 000 | 00689nam a2200217Ii 4500 | ||
|---|---|---|---|
| 003 | JO-AjNU | ||
| 008 | 230606s9999||||xx |||||||||||||| ||und|| | ||
| 020 | _a978-1-5264-3212-4/978-1-5264-3213-1 | ||
| 040 |
_aJO-AjNU _beng _erda _cJO-AjNU |
||
| 041 | _aeng | ||
| 050 | 1 | 4 | _aLB2900.2.B89 2020 |
| 100 | 3 |
_aBUSH, TONY, _eauthor _96298 |
|
| 245 | 0 | 0 | _aTHEORIES OF EDUCATIONAL LEADERSHIP AND MANAGEMENT |
| 250 | _a5th ed | ||
| 264 | 3 | 1 | _aLos Angeles: SAGE,2020 |
| 300 |
_a189p _bIncludes bibliographical references |
||
| 336 |
_atext _btxt _2rdacontent |
||
| 337 |
_aunmediated _bn _2rdamedia |
||
| 338 |
_avolume _bnc _2rdacarrier |
||
| 650 | 4 |
_aEDUCATIONAL LEADERSHIP AND MANAGEMENT _96299 |
|
| 999 |
_aE3267 _c3263 _d3263 |
||